[Event "MPJ C18"]
[Site "?"]
[Date "2016.03.15"]
[Round "4.13"]
[White "Zylka, Stanislaw"]
[Black "Adamczewski, Maciej"]
[Result "1-0"]
[LiveChessVersion "1.4.8"]
[BlackElo "1961"]
[WhiteElo "2180"]

1. d4 {[%clk 1:30:54]} Nf6 {[%clk 1:28:57]} 2. Nf3 {[%clk 1:31:16]} g6
{[%clk 1:28:45]} 3. c4 {[%clk 1:31:40]} Bg7 {[%clk 1:29:09]} 4. g3
{[%clk 1:32:04]} d6 {[%clk 1:29:33]} 5. Bg2 {[%clk 1:32:29]} O-O {[%clk 1:29:28]}
6. O-O {[%clk 1:32:53]} Nc6 {[%clk 1:29:37]} 7. Nc3 {[%clk 1:33:16]} e5
{[%clk 1:29:36]} 8. dxe5 {[%clk 1:27:50]} dxe5 {[%clk 1:28:05]} 9. Bg5
{[%clk 1:27:48]} Be6 {[%clk 1:24:26]} 10. Qa4 {[%clk 1:25:08]} h6
{[%clk 1:23:41]} 11. Rfd1 {[%clk 1:23:26]} Qc8 {[%clk 1:23:35]} 12. Bxf6
{[%clk 1:22:29]} Bxf6 {[%clk 1:23:53]} 13. Nd5 {[%clk 1:22:14]} Bxd5
{[%clk 1:22:17]} 14. cxd5 {[%clk 1:21:03]} Nd4 {[%clk 1:22:07]} 15. Nxd4
{[%clk 1:19:09]} exd4 {[%clk 1:22:27]} 16. Rac1 {[%clk 1:17:03]} Qd8
{[%clk 1:12:48]} 17. Rc4 {[%clk 1:06:42]} Re8 {[%clk 1:06:32]} 18. Qc2
{[%clk 1:06:45]} Re7 {[%clk 1:02:15]} 19. h4 {[%clk 1:03:52]} h5 {[%clk 0:58:29]}
20. Rc1 {[%clk 1:02:09]} Be5 {[%clk 0:51:38]} 21. f4 {[%clk 0:58:11]} Bd6
{[%clk 0:51:50]} 22. Rxd4 {[%clk 0:57:53]} Re3 {[%clk 0:51:42]} 23. Bf3
{[%clk 0:57:40]} Qd7 {[%clk 0:50:12]} 24. Kg2 {[%clk 0:55:57]} Rae8
{[%clk 0:49:09]} 25. Rd3 {[%clk 0:47:32]} Qe7 {[%clk 0:45:12]} 26. Rxe3
{[%clk 0:46:43]} Qxe3 {[%clk 0:45:31]} 27. Qc3 {[%clk 0:45:46]} b6
{[%clk 0:44:45]} 28. Qxe3 {[%clk 0:45:43]} Rxe3 {[%clk 0:45:09]} 29. Kf2
{[%clk 0:45:44]} Re7 {[%clk 0:44:54]} 30. e4 {[%clk 0:45:47]} f6 {[%clk 0:45:10]}
31. Ke2 {[%clk 0:45:15]} Kg7 {[%clk 0:43:49]} 32. Kd3 {[%clk 0:44:37]} a5
{[%clk 0:41:41]} 33. Kc4 {[%clk 0:43:03]} Kf7 {[%clk 0:39:33]} 34. a3
{[%clk 0:39:37]} Re8 {[%clk 0:38:30]} 35. Rc2 {[%clk 0:39:49]} Ke7
{[%clk 0:37:14]} 36. Re2 {[%clk 0:39:58]} Kf7 {[%clk 0:37:07]} 37. Kb5
{[%clk 0:39:44]} Ke7 {[%clk 0:34:09]} 38. e5 {[%clk 0:33:48]} fxe5
{[%clk 0:33:45]} 39. fxe5 {[%clk 0:34:16]} Bc5 {[%clk 0:33:51]} 40. Be4
{[%clk 1:01:38]} Rg8 {[%clk 1:01:20]} 41. b4 {[%clk 0:45:27]} axb4
{[%clk 0:59:19]} 42. axb4 {[%clk 0:45:24]} Bd4 {[%clk 0:59:27]} 43. Bg2
{[%clk 0:43:11]} g5 {[%clk 0:59:10]} 44. Kc6 {[%clk 0:43:06]} gxh4
{[%clk 0:53:40]} 45. Kxc7 {[%clk 0:38:23]} Rxg3 {[%clk 0:52:43]} 46. d6+
{[%clk 0:38:31]} Ke6 {[%clk 0:52:52]} 47. d7 {[%clk 0:38:47]} Bxe5+
{[%clk 0:48:30]} 48. Rxe5+ {[%clk 0:38:50]} Kxe5 {[%clk 0:48:54]} 49. d8=Q
{[%clk 0:38:59]} Rxg2 {[%clk 0:49:10]} 50. Qxh4 {[%clk 0:39:14]} 1-0

[Event "MPJ C18"]
[Site "?"]
[Date "2016.03.15"]
[Round "4.14"]
[White "Wacior, Maciej"]
[Black "Buraczewski, Rafal"]
[Result "1/2-1/2"]
[LiveChessVersion "1.4.8"]
[BlackElo "1973"]
[WhiteElo "2090"]

1. d4 {[%clk 1:30:59]} d5 {[%clk 1:30:45]} 2. Nf3 {[%clk 1:31:24]} Nf6
{[%clk 1:31:10]} 3. Bf4 {[%clk 1:31:51]} e6 {[%clk 1:31:32]} 4. e3
{[%clk 1:32:17]} c5 {[%clk 1:31:58]} 5. c3 {[%clk 1:32:41]} Nc6 {[%clk 1:32:24]}
6. Be2 {[%clk 1:32:38]} Qb6 {[%clk 1:32:40]} 7. Qb3 {[%clk 1:32:27]} Bd7
{[%clk 1:20:33]} 8. Qxb6 {[%clk 1:27:30]} axb6 {[%clk 1:21:02]} 9. Bc7
{[%clk 1:27:36]} c4 {[%clk 1:12:40]} 10. Bxb6 {[%clk 1:25:41]} Bd6
{[%clk 1:13:09]} 11. Nbd2 {[%clk 1:24:54]} Ra6 {[%clk 1:10:22]} 12. Bc5
{[%clk 1:25:19]} Bxc5 {[%clk 1:10:43]} 13. dxc5 {[%clk 1:25:48]} Ra5
{[%clk 1:10:17]} 14. b4 {[%clk 1:25:46]} cxb3 {[%clk 1:09:53]} 15. Nxb3
{[%clk 1:26:11]} Ra3 {[%clk 1:09:34]} 16. Nfd4 {[%clk 1:25:39]} Ne5
{[%clk 1:05:49]} 17. O-O {[%clk 1:21:04]} O-O {[%clk 1:05:45]} 18. Nc2
{[%clk 1:18:03]} Ra7 {[%clk 1:05:08]} 19. f3 {[%clk 1:12:54]} Rfa8
{[%clk 1:04:10]} 20. a3 {[%clk 1:12:39]} Ba4 {[%clk 1:03:52]} 21. Rab1
{[%clk 1:02:39]} Nc4 {[%clk 0:55:49]} 22. Bxc4 {[%clk 0:53:41]} dxc4
{[%clk 0:56:18]} 23. Nba1 {[%clk 0:54:06]} Nd5 {[%clk 0:55:23]} 24. e4
{[%clk 0:54:27]} Nxc3 {[%clk 0:54:13]} 25. Rb4 {[%clk 0:54:47]} Ne2+
{[%clk 0:51:32]} 26. Kh1 {[%clk 0:54:30]} c3 {[%clk 0:49:47]} 27. Re1
{[%clk 0:50:11]} Nf4 {[%clk 0:49:07]} 28. Reb1 {[%clk 0:27:56]} Rd8
{[%clk 0:41:37]} 29. g3 {[%clk 0:27:57]} Nd3 {[%clk 0:38:46]} 30. Rxb7
{[%clk 0:25:04]} Rxb7 {[%clk 0:38:55]} 31. Rxb7 {[%clk 0:25:33]} Bxc2
{[%clk 0:29:56]} 32. Nxc2 {[%clk 0:25:55]} Nxc5 {[%clk 0:30:24]} 33. Rc7
{[%clk 0:25:48]} g6 {[%clk 0:30:39]} 34. Rxc5 {[%clk 0:22:19]} Rd1+
{[%clk 0:31:01]} 35. Kg2 {[%clk 0:21:15]} Rd2+ {[%clk 0:31:23]} 36. Kf1
{[%clk 0:17:27]} Rxc2 {[%clk 0:31:45]} 37. Ke1 {[%clk 0:17:57]} Rc1+
{[%clk 0:31:35]} 38. Ke2 {[%clk 0:18:26]} c2 {[%clk 0:31:45]} 39. Kd2
{[%clk 0:18:55]} Ra1 {[%clk 0:32:06]} 40. Rxc2 {[%clk 0:49:16]} Rxa3
{[%clk 1:02:33]} 41. Ke2 {[%clk 0:49:42]} Kg7 1/2-1/2

[Event "MPJ C18"]
[Site "?"]
[Date "2016.03.15"]
[Round "4.15"]
[White "Golda, Sebastian"]
[Black "Fukowski, Pawel"]
[Result "0-1"]
[LiveChessVersion "1.4.8"]
[BlackElo "1966"]
[WhiteElo "1941"]

1. e4 {[%clk 1:30:54]} e6 {[%clk 1:30:52]} 2. d4 {[%clk 1:31:20]} d5
{[%clk 1:31:17]} 3. Nd2 {[%clk 1:31:47]} Nf6 {[%clk 1:31:39]} 4. e5
{[%clk 1:32:08]} Nfd7 {[%clk 1:32:05]} 5. Bd3 {[%clk 1:32:23]} c5
{[%clk 1:32:25]} 6. c3 {[%clk 1:32:50]} Nc6 {[%clk 1:32:52]} 7. Ndf3
{[%clk 1:33:01]} cxd4 {[%clk 1:31:06]} 8. cxd4 {[%clk 1:33:16]} Bb4+
{[%clk 1:28:54]} 9. Bd2 {[%clk 1:32:07]} Qa5 {[%clk 1:29:01]} 10. Ne2
{[%clk 1:22:36]} b5 {[%clk 1:24:53]} 11. O-O {[%clk 1:15:13]} Qb6
{[%clk 1:21:47]} 12. a3 {[%clk 1:03:04]} Bxd2 {[%clk 1:21:04]} 13. Qxd2
{[%clk 1:03:31]} h6 {[%clk 1:20:45]} 14. Qf4 {[%clk 0:57:57]} Ne7
{[%clk 1:14:24]} 15. Qg4 {[%clk 0:48:35]} g6 {[%clk 1:10:51]} 16. Rfc1
{[%clk 0:45:19]} Bb7 {[%clk 1:06:52]} 17. Nf4 {[%clk 0:39:14]} Nf8
{[%clk 1:04:44]} 18. Rc5 {[%clk 0:38:43]} a6 {[%clk 1:04:58]} 19. Rac1
{[%clk 0:38:03]} Rd8 {[%clk 1:02:11]} 20. Qh4 {[%clk 0:32:03]} Rd7
{[%clk 0:58:09]} 21. Qf6 {[%clk 0:24:33]} Rg8 {[%clk 0:55:08]} 22. b4
{[%clk 0:22:47]} Bc6 {[%clk 0:45:08]} 23. Nd2 {[%clk 0:17:02]} Rc7
{[%clk 0:39:21]} 24. Qh4 {[%clk 0:00:59]} g5 {[%clk 0:33:45]} 25. Qxh6
{[%clk 0:00:46]} gxf4 {[%clk 0:33:51]} 26. Qxf4 {[%clk 0:00:47]} Rc8
{[%clk 0:23:31]} 27. Nf3 {[%clk 0:01:14]} Nd7 {[%clk 0:18:33]} 28. R5c3
{[%clk 0:00:47]} Bb7 {[%clk 0:16:56]} 29. Ng5 {[%clk 0:01:11]} Rxg5
{[%clk 0:17:11]} 30. Rxc8+ {[%clk 0:01:26]} Bxc8 {[%clk 0:17:28]} 31. Qxg5
{[%clk 0:01:54]} Qxd4 {[%clk 0:17:30]} 32. Bb1 {[%clk 0:01:12]} Nxe5
{[%clk 0:14:30]} 33. h4 {[%clk 0:01:24]} Ng4 {[%clk 0:13:16]} 34. Rf1
{[%clk 0:00:37]} f5 {[%clk 0:12:34]} 35. h5 {[%clk 0:00:57]} Qf6 {[%clk 0:11:54]}
36. Qc1 {[%clk 0:00:51]} Qh4 {[%clk 0:11:46]} 37. Qf4 {[%clk 0:01:07]} e5
{[%clk 0:09:56]} 38. Qg3 {[%clk 0:01:36]} Qxg3 {[%clk 0:07:28]} 39. fxg3
{[%clk 0:02:04]} e4 {[%clk 0:03:37]} 40. Rd1 {[%clk 0:32:02]} Be6
{[%clk 0:33:21]} 41. a4 {[%clk 0:32:20]} Ne3 {[%clk 0:26:53]} 42. Re1
{[%clk 0:32:43]} d4 {[%clk 0:26:47]} 43. h6 {[%clk 0:33:04]} Kf7 {[%clk 0:26:52]}
44. axb5 {[%clk 0:33:29]} axb5 {[%clk 0:27:18]} 0-1

[Event "MPJ C18"]
[Site "?"]
[Date "2016.03.15"]
[Round "4.16"]
[White "Czajkowski, Adam"]
[Black "Litner, Igor"]
[Result "1-0"]
[LiveChessVersion "1.4.8"]
[BlackElo "1883"]
[WhiteElo "2110"]

1. e4 e5 2. Nf3 Nc6 3. Bb5 g6 4. O-O Bg7 5. c3 Nge7 6. d4 a6 7. Ba4 exd4 8. cxd4
O-O 9. Be3 b5 10. Bc2 d5 11. e5 Nb4 12. Nbd2 Bg4 13. a3 Nxc2 14. Qxc2 c6 15. b4
f6 16. h3 Bf5 17. Qc3 Qd7 18. Nb3 Rae8 19. Nc5 Qc8 20. exf6 Bxf6 21. Bh6 Bg7 22.
Bxg7 Kxg7 23. Rfe1 Ng8 24. Ne5 Nf6 25. g4 Bxg4 26. hxg4 Nxg4 27. Ra2 Rf4 28. f3
Nxe5 29. Rxe5 Rxe5 30. dxe5 d4 31. Qb3 Rh4 32. Qe6 Qf8 33. Nd7 Rh1+ 34. Kg2 Qf4
35. Qf6+ 1-0

[Event "MPJ C18"]
[Site "?"]
[Date "2016.03.16"]
[Round "5.1"]
[White "Karwowski, Kacper"]
[Black "Nowak, Kamil"]
[Result "1/2-1/2"]
[LiveChessVersion "1.4.8"]
[BlackElo "2339"]
[WhiteElo "2127"]

1. d4 {[%clk 1:30:56]} Nf6 {[%clk 1:30:30]} 2. Nc3 {[%clk 1:30:42]} d5
{[%clk 1:30:54]} 3. Bg5 {[%clk 1:31:07]} c5 {[%clk 1:31:07]} 4. e3
{[%clk 1:29:41]} Nc6 {[%clk 1:30:29]} 5. Nf3 {[%clk 1:29:43]} Bg4
{[%clk 1:26:47]} 6. Bb5 {[%clk 1:28:25]} cxd4 {[%clk 1:23:04]} 7. Bxf6
{[%clk 1:23:47]} dxc3 {[%clk 1:22:08]} 8. Bxc3 {[%clk 1:23:57]} f6
{[%clk 1:19:54]} 9. Qd4 {[%clk 1:20:37]} Qd7 {[%clk 1:11:15]} 10. O-O-O
{[%clk 1:15:17]} a6 {[%clk 1:09:48]} 11. Qa4 {[%clk 1:09:52]} Bxf3
{[%clk 1:03:45]} 12. gxf3 {[%clk 1:09:39]} O-O-O {[%clk 1:03:47]} 13. Bxc6
{[%clk 1:05:06]} Qxc6 {[%clk 1:04:15]} 14. Qxc6+ {[%clk 1:03:01]} bxc6
{[%clk 1:04:42]} 15. f4 {[%clk 1:03:02]} e6 {[%clk 1:04:44]} 16. Rhg1
{[%clk 1:01:38]} Rd7 {[%clk 1:05:03]} 17. Rg2 {[%clk 1:01:29]} Rf7
{[%clk 1:03:34]} 18. a3 {[%clk 0:56:43]} Bd6 {[%clk 1:02:16]} 19. Rdg1
{[%clk 0:54:00]} Rg8 {[%clk 1:02:40]} 20. h4 {[%clk 0:53:28]} Kb7
{[%clk 1:02:03]} 21. h5 {[%clk 0:53:28]} c5 {[%clk 1:00:31]} 22. Rg4
{[%clk 0:51:52]} Kc6 {[%clk 0:59:01]} 23. Kd1 {[%clk 0:45:28]} Bc7
{[%clk 0:57:02]} 24. Ke2 {[%clk 0:43:58]} Bb6 {[%clk 0:56:07]} 25. Kf3
{[%clk 0:39:16]} d4 {[%clk 0:52:09]} 26. Bd2 {[%clk 0:36:31]} Rd7
{[%clk 0:52:16]} 27. e4 {[%clk 0:34:23]} f5 {[%clk 0:47:20]} 28. exf5
{[%clk 0:34:29]} exf5 {[%clk 0:47:49]} 29. Rg5 {[%clk 0:34:46]} Rf7
{[%clk 0:47:21]} 30. c4 {[%clk 0:33:59]} Bd8 {[%clk 0:36:13]} 31. R5g3
{[%clk 0:30:59]} Bf6 {[%clk 0:35:54]} 32. Ke2 {[%clk 0:29:46]} Re7+
{[%clk 0:33:45]} 33. Kd3 {[%clk 0:29:11]} Rb8 {[%clk 0:32:45]} 34. b4
{[%clk 0:28:26]} Re4 {[%clk 0:26:11]} 35. R3g2 {[%clk 0:22:27]} Re7
{[%clk 0:21:07]} 36. Re1 {[%clk 0:18:18]} Rxe1 {[%clk 0:20:03]} 37. Bxe1
{[%clk 0:18:43]} a5 {[%clk 0:20:00]} 38. b5+ {[%clk 0:18:23]} Kb6
{[%clk 0:20:28]} 39. a4 {[%clk 0:18:22]} Re8 {[%clk 0:20:35]} 40. Bd2
{[%clk 0:48:41]} Re4 {[%clk 0:50:23]} 41. f3 {[%clk 0:48:46]} Re7
{[%clk 0:50:46]} 42. Ke4 1/2-1/2

[Event "MPJ C18"]
[Site "?"]
[Date "2016.03.16"]
[Round "5.2"]
[White "Jarmula, Lukasz"]
[Black "Piotrowski, Przemyslaw"]
[Result "1-0"]
[LiveChessVersion "1.4.8"]
[BlackElo "2140"]
[WhiteElo "2387"]

1. d4 {[%clk 1:30:58]} c5 {[%clk 1:30:11]} 2. d5 {[%clk 1:31:21]} e5
{[%clk 1:30:32]} 3. c4 {[%clk 1:31:46]} d6 {[%clk 1:30:56]} 4. Nc3
{[%clk 1:32:10]} Be7 {[%clk 1:31:21]} 5. g3 {[%clk 1:32:24]} f5 {[%clk 1:30:21]}
6. Bg2 {[%clk 1:24:54]} Nf6 {[%clk 1:21:37]} 7. Nh3 {[%clk 1:21:09]} h6
{[%clk 1:18:33]} 8. f4 {[%clk 1:18:28]} e4 {[%clk 1:17:14]} 9. Nf2
{[%clk 1:18:41]} O-O {[%clk 1:15:20]} 10. b3 {[%clk 1:13:44]} Na6
{[%clk 1:12:59]} 11. Bb2 {[%clk 1:09:02]} Bd7 {[%clk 1:09:42]} 12. e3
{[%clk 1:08:22]} Nc7 {[%clk 1:06:51]} 13. a4 {[%clk 1:06:52]} b6 {[%clk 1:04:57]}
14. O-O {[%clk 0:59:54]} a6 {[%clk 1:00:08]} 15. g4 {[%clk 0:59:14]} g6
{[%clk 0:56:18]} 16. Kh1 {[%clk 0:53:23]} Nce8 {[%clk 0:49:28]} 17. Rg1
{[%clk 0:36:24]} Ng7 {[%clk 0:47:17]} 18. Bh3 {[%clk 0:36:12]} Kh7
{[%clk 0:42:57]} 19. gxf5 {[%clk 0:31:52]} gxf5 {[%clk 0:41:14]} 20. Qc2
{[%clk 0:32:08]} Nfh5 {[%clk 0:34:52]} 21. Ncxe4 {[%clk 0:20:24]} fxe4
{[%clk 0:34:11]} 22. Nxe4 {[%clk 0:16:59]} Nf5 {[%clk 0:31:39]} 23. Bg4
{[%clk 0:16:35]} Be8 {[%clk 0:16:12]} 24. Bxh5 {[%clk 0:15:56]} Bxh5
{[%clk 0:16:38]} 25. Rg7+ {[%clk 0:16:19]} Kh8 {[%clk 0:17:03]} 26. Rxe7+
{[%clk 0:15:56]} Nd4 {[%clk 0:17:12]} 27. Rh7+ {[%clk 0:15:35]} Kxh7
{[%clk 0:17:04]} 28. Ng5+ {[%clk 0:15:58]} Kg7 {[%clk 0:17:13]} 29. Qh7+
{[%clk 0:16:23]} 1-0

[Event "MPJ C18"]
[Site "?"]
[Date "2016.03.16"]
[Round "5.3"]
[White "Szostko, Jakub"]
[Black "Niekras, Dawid"]
[Result "1/2-1/2"]
[LiveChessVersion "1.4.8"]
[BlackElo "2271"]
[WhiteElo "2228"]

1. e4 {[%clk 1:30:58]} c5 {[%clk 1:30:53]} 2. Nf3 {[%clk 1:31:24]} d6
{[%clk 1:31:19]} 3. d4 {[%clk 1:31:40]} cxd4 {[%clk 1:31:44]} 4. Nxd4
{[%clk 1:32:00]} Nf6 {[%clk 1:32:09]} 5. Nc3 {[%clk 1:32:23]} a6 {[%clk 1:32:34]}
6. Bg5 {[%clk 1:32:37]} e6 {[%clk 1:32:58]} 7. f4 {[%clk 1:32:54]} h6
{[%clk 1:33:22]} 8. Bh4 {[%clk 1:33:09]} Qb6 {[%clk 1:33:47]} 9. Qd2
{[%clk 1:29:48]} Qxb2 {[%clk 1:34:09]} 10. Rb1 {[%clk 1:30:13]} Qa3
{[%clk 1:34:35]} 11. e5 {[%clk 1:30:35]} dxe5 {[%clk 1:34:46]} 12. fxe5
{[%clk 1:31:02]} g5 {[%clk 1:35:07]} 13. exf6 {[%clk 1:30:51]} gxh4
{[%clk 1:35:30]} 14. Be2 {[%clk 1:30:50]} Qa5 {[%clk 1:35:45]} 15. O-O
{[%clk 1:30:30]} Nd7 {[%clk 1:35:49]} 16. Rbd1 {[%clk 1:29:42]} h3
{[%clk 1:19:39]} 17. g3 {[%clk 1:28:44]} Bb4 {[%clk 1:01:51]} 18. Qe3
{[%clk 1:28:09]} Bxc3 {[%clk 0:46:01]} 19. Nxe6 {[%clk 1:28:08]} fxe6
{[%clk 0:44:22]} 20. Qxe6+ {[%clk 1:28:18]} Kd8 {[%clk 0:44:47]} 21. Qe7+
{[%clk 1:27:35]} Kc7 {[%clk 0:42:06]} 22. Qd6+ {[%clk 1:27:19]} Kd8
{[%clk 0:42:30]} 23. f7 {[%clk 1:23:53]} Bg7 {[%clk 0:34:49]} 24. Bg4
{[%clk 1:15:04]} Qb5 {[%clk 0:28:02]} 25. f8=Q+ {[%clk 1:09:10]} Rxf8
{[%clk 0:26:53]} 26. Rxf8+ {[%clk 1:09:27]} Bxf8 {[%clk 0:27:17]} 27. Qxf8+
{[%clk 1:09:47]} Kc7 {[%clk 0:27:42]} 28. Qd6+ {[%clk 1:09:21]} Kd8
{[%clk 0:28:04]} 29. Qf8+ {[%clk 1:09:13]} Kc7 {[%clk 0:28:28]} 30. Qd6+
{[%clk 1:09:18]} Kd8 {[%clk 0:28:53]} 31. Qf8+ {[%clk 1:09:42]} Kc7
{[%clk 0:29:17]} 32. Qd6+ 1/2-1/2

[Event "MPJ C18"]
[Site "?"]
[Date "2016.03.16"]
[Round "5.4"]
[White "Kucza, Karol"]
[Black "Gajek, Radoslaw"]
[Result "0-1"]
[LiveChessVersion "1.4.8"]
[BlackElo "2435"]
[WhiteElo "2310"]

1. e4 {[%clk 1:30:58]} c5 {[%clk 1:30:56]} 2. Nf3 {[%clk 1:31:15]} e6
{[%clk 1:31:17]} 3. d4 {[%clk 1:31:01]} cxd4 {[%clk 1:31:43]} 4. Nxd4
{[%clk 1:31:27]} a6 {[%clk 1:32:08]} 5. Bd3 {[%clk 1:31:51]} Ne7 {[%clk 1:32:33]}
6. O-O {[%clk 1:27:03]} Nbc6 {[%clk 1:32:58]} 7. Be3 {[%clk 1:19:22]} Nxd4
{[%clk 1:29:59]} 8. Bxd4 {[%clk 1:19:50]} Nc6 {[%clk 1:30:18]} 9. Bc3
{[%clk 1:20:16]} b5 {[%clk 1:29:59]} 10. a3 {[%clk 1:13:17]} Bb7 {[%clk 1:29:52]}
11. Nd2 {[%clk 1:12:51]} Qc7 {[%clk 1:27:15]} 12. Qh5 {[%clk 1:08:38]} d6
{[%clk 1:02:34]} 13. f4 {[%clk 1:03:40]} O-O-O {[%clk 1:02:17]} 14. Nf3
{[%clk 0:54:36]} h6 {[%clk 0:46:22]} 15. Kh1 {[%clk 0:41:07]} d5 {[%clk 0:39:47]}
16. exd5 {[%clk 0:23:56]} Rxd5 {[%clk 0:40:04]} 17. Ne5 {[%clk 0:23:54]} Nxe5
{[%clk 0:35:22]} 18. fxe5 {[%clk 0:23:58]} g6 {[%clk 0:33:39]} 19. Qf3
{[%clk 0:20:05]} Rd7 {[%clk 0:31:46]} 20. Be4 {[%clk 0:20:30]} Bg7
{[%clk 0:30:55]} 21. Bxb7+ {[%clk 0:13:50]} Qxb7 {[%clk 0:31:20]} 22. g3
{[%clk 0:13:01]} Rhd8 {[%clk 0:29:01]} 23. Qxb7+ {[%clk 0:12:22]} Rxb7
{[%clk 0:26:49]} 24. Kg2 {[%clk 0:08:37]} Rd5 {[%clk 0:26:27]} 25. Rad1
{[%clk 0:09:02]} Rc5 {[%clk 0:26:24]} 26. Ba5 {[%clk 0:03:14]} Rd5
{[%clk 0:23:16]} 27. Bc3 {[%clk 0:02:49]} Rxd1 {[%clk 0:08:20]} 28. Rxd1
{[%clk 0:03:17]} Bf8 {[%clk 0:08:37]} 29. Kf3 {[%clk 0:03:09]} Rc7
{[%clk 0:06:04]} 30. Ke4 {[%clk 0:02:12]} Bxa3 {[%clk 0:05:57]} 31. Ra1
{[%clk 0:02:09]} Be7 {[%clk 0:05:47]} 32. Rxa6 {[%clk 0:02:35]} b4
{[%clk 0:06:11]} 33. Bd4 {[%clk 0:02:51]} Rxc2 {[%clk 0:05:57]} 34. Kd3
{[%clk 0:02:04]} Rc7 {[%clk 0:05:23]} 35. g4 {[%clk 0:02:00]} Bc5
{[%clk 0:02:59]} 36. Bxc5 {[%clk 0:01:16]} Rxc5 {[%clk 0:03:25]} 37. Ra7
{[%clk 0:01:26]} Rd5+ {[%clk 0:02:29]} 38. Kc4 {[%clk 0:00:34]} Rxe5
{[%clk 0:02:35]} 39. Rxf7 {[%clk 0:00:56]} Re4+ {[%clk 0:02:49]} 40. Kc5
{[%clk 0:31:16]} Rxg4 {[%clk 0:32:56]} 41. b3 {[%clk 0:28:08]} Rh4
{[%clk 0:27:00]} 42. Rg7 {[%clk 0:26:43]} g5 {[%clk 0:25:38]} 43. Kc6
{[%clk 0:26:51]} Kd8 {[%clk 0:25:10]} 44. Kd6 {[%clk 0:27:12]} Ke8
{[%clk 0:23:26]} 45. Kxe6 {[%clk 0:27:15]} Kf8 {[%clk 0:23:51]} 46. Rf7+
{[%clk 0:27:01]} Kg8 {[%clk 0:24:06]} 47. Rb7 {[%clk 0:26:53]} Rf4
{[%clk 0:22:50]} 48. h3 {[%clk 0:24:02]} Kh8 {[%clk 0:15:14]} 49. Kd6
{[%clk 0:17:29]} Re4 {[%clk 0:12:09]} 50. Kd5 {[%clk 0:16:33]} Re3
{[%clk 0:08:44]} 51. Rxb4 {[%clk 0:07:10]} Rxh3 {[%clk 0:09:07]} 52. Rb7
{[%clk 0:06:35]} Re3 {[%clk 0:07:29]} 53. b4 {[%clk 0:05:30]} g4 {[%clk 0:06:00]}
54. Rf7 {[%clk 0:02:49]} Rf3 {[%clk 0:02:37]} 55. Re7 {[%clk 0:02:29]} g3
{[%clk 0:01:45]} 56. Re4 {[%clk 0:02:25]} g2 {[%clk 0:01:50]} 57. Re8+
{[%clk 0:00:38]} Kg7 {[%clk 0:02:06]} 58. Ke4 {[%clk 0:01:02]} Rf7
{[%clk 0:02:07]} 0-1

[Event "MPJ C18"]
[Site "?"]
[Date "2016.03.16"]
[Round "5.5"]
[White "Michalski, Filip"]
[Black "Tomczak, Mikolaj"]
[Result "0-1"]
[LiveChessVersion "1.4.8"]
[BlackElo "2308"]
[WhiteElo "2155"]

1. d4 {[%clk 1:29:13]} d6 {[%clk 1:30:53]} 2. c4 {[%clk 1:28:23]} e5
{[%clk 1:31:15]} 3. e3 {[%clk 1:16:25]} Nf6 {[%clk 1:29:39]} 4. Nc3
{[%clk 1:13:13]} Nbd7 {[%clk 1:27:32]} 5. Be2 {[%clk 1:11:39]} g6
{[%clk 1:27:36]} 6. Qc2 {[%clk 1:06:53]} Bg7 {[%clk 1:27:29]} 7. Bd2
{[%clk 1:02:22]} O-O {[%clk 1:27:41]} 8. O-O-O {[%clk 0:51:53]} exd4
{[%clk 1:23:29]} 9. exd4 {[%clk 0:52:18]} c5 {[%clk 1:21:16]} 10. Be3
{[%clk 0:47:14]} cxd4 {[%clk 1:21:10]} 11. Bxd4 {[%clk 0:46:57]} Qa5
{[%clk 1:19:06]} 12. h3 {[%clk 0:43:20]} Ne5 {[%clk 1:15:37]} 13. g4
{[%clk 0:42:09]} Be6 {[%clk 1:12:53]} 14. f4 {[%clk 0:34:46]} Nc6
{[%clk 1:09:11]} 15. Bf2 {[%clk 0:29:54]} b5 {[%clk 1:04:31]} 16. f5
{[%clk 0:24:29]} Nb4 {[%clk 1:01:06]} 17. Qb3 {[%clk 0:17:07]} bxc4
{[%clk 0:54:35]} 18. Qa3 {[%clk 0:12:40]} Bh6+ {[%clk 0:53:39]} 19. Rd2
{[%clk 0:08:55]} Qxa3 {[%clk 0:48:44]} 20. bxa3 {[%clk 0:09:20]} Bd5
{[%clk 0:48:12]} 21. Nf3 {[%clk 0:06:43]} Bxf3 {[%clk 0:48:27]} 22. Bxf3
{[%clk 0:06:27]} Nd3+ {[%clk 0:48:55]} 23. Kc2 {[%clk 0:06:44]} Bxd2
{[%clk 0:49:17]} 24. Kxd2 {[%clk 0:06:33]} Nxf2 {[%clk 0:49:36]} 25. Rf1
{[%clk 0:06:39]} Nxh3 {[%clk 0:49:24]} 26. Bxa8 {[%clk 0:07:02]} Rxa8
{[%clk 0:49:47]} 27. fxg6 {[%clk 0:07:08]} Kg7 {[%clk 0:50:10]} 0-1

[Event "MPJ C18"]
[Site "?"]
[Date "2016.03.16"]
[Round "5.6"]
[White "Osinski, Emil"]
[Black "Chomczyk, Marek"]
[Result "1-0"]
[LiveChessVersion "1.4.8"]
[BlackElo "2229"]
[WhiteElo "2017"]

1. e4 {[%clk 1:30:58]} e5 {[%clk 1:30:48]} 2. Nf3 {[%clk 1:31:18]} Nc6
{[%clk 1:31:06]} 3. Bb5 {[%clk 1:31:24]} Nf6 {[%clk 1:31:27]} 4. O-O
{[%clk 1:31:10]} Nxe4 {[%clk 1:31:49]} 5. Re1 {[%clk 1:30:09]} Nd6
{[%clk 1:32:10]} 6. Bxc6 {[%clk 1:29:04]} dxc6 {[%clk 1:32:09]} 7. d4
{[%clk 1:23:02]} Be7 {[%clk 1:30:50]} 8. dxe5 {[%clk 1:22:32]} Nf5
{[%clk 1:31:15]} 9. Qxd8+ {[%clk 1:19:55]} Bxd8 {[%clk 1:25:11]} 10. Nc3
{[%clk 1:17:20]} Be7 {[%clk 1:22:56]} 11. Ne4 {[%clk 1:13:11]} Be6
{[%clk 1:19:23]} 12. b3 {[%clk 1:01:19]} O-O-O {[%clk 1:12:37]} 13. Bb2
{[%clk 0:51:50]} h6 {[%clk 1:11:53]} 14. h3 {[%clk 0:50:55]} b6 {[%clk 1:09:29]}
15. Rad1 {[%clk 0:39:35]} Kb7 {[%clk 1:04:58]} 16. Kh2 {[%clk 0:31:49]} c5
{[%clk 1:02:08]} 17. c4 {[%clk 0:30:12]} g5 {[%clk 1:00:04]} 18. g4
{[%clk 0:28:26]} Ng7 {[%clk 1:00:28]} 19. Nf6 {[%clk 0:26:53]} Rxd1
{[%clk 0:47:37]} 20. Rxd1 {[%clk 0:27:18]} Bxf6 {[%clk 0:47:59]} 21. exf6
{[%clk 0:27:42]} Ne8 {[%clk 0:48:24]} 22. Rd8 {[%clk 0:26:30]} Rg8
{[%clk 0:48:36]} 23. Kg3 {[%clk 0:26:12]} a6 {[%clk 0:44:13]} 24. Be5
{[%clk 0:19:39]} Kc6 {[%clk 0:44:03]} 25. Nd2 {[%clk 0:18:34]} Bd7
{[%clk 0:43:38]} 26. Ne4 {[%clk 0:16:44]} Rg6 {[%clk 0:43:11]} 27. f4
{[%clk 0:16:24]} gxf4+ {[%clk 0:43:20]} 28. Kxf4 {[%clk 0:16:48]} Nd6
{[%clk 0:43:08]} 29. Bxd6 {[%clk 0:10:53]} cxd6 {[%clk 0:43:36]} 30. Rf8
{[%clk 0:09:29]} b5 {[%clk 0:35:14]} 31. cxb5+ {[%clk 0:06:19]} axb5
{[%clk 0:35:43]} 32. Rxf7 {[%clk 0:06:25]} d5 {[%clk 0:36:11]} 33. Nd2
{[%clk 0:03:26]} Kd6 {[%clk 0:36:01]} 34. Nf3 {[%clk 0:03:10]} Ke6
{[%clk 0:36:30]} 35. Ne5 {[%clk 0:03:16]} Be8 {[%clk 0:36:14]} 36. Re7+
{[%clk 0:03:13]} Kxf6 {[%clk 0:36:39]} 37. Rxe8 {[%clk 0:03:04]} Rg7
{[%clk 0:37:07]} 38. Rc8 {[%clk 0:03:08]} c4 {[%clk 0:37:20]} 39. bxc4
{[%clk 0:03:12]} Ra7 {[%clk 0:37:41]} 40. Rc6+ {[%clk 0:33:20]} 1-0